000 00779nam a2200265 i 4500
001 6679
003 ES-MaACL
005 20240509092056.0
007 t|
008 900226s1990 sp ||||1| spa d
020 _a847658198X
080 _a86-14"19"
080 _a86(Ramirez Escoto,R.7 T.01)
100 1 _aRamírez Escoto, Rafael.
_995144
245 1 0 _aToxico /
_cRafael Ramirez Escoto.
250 _a1a ed.
260 _aBarcelona :
_bAnthropos,
_c1990.
300 _a41 p. ;
_c20 cm.
490 1 _aAmbitos literarios. Poesía ;
_v97
500 _aPremio Editorial Anthropos de Poesia 1989.
830 0 _aÁmbitos literarios.
_pPoesía ;
_v97
_9177287
852 _aES-MaACL
_jL-13922
_bR.117511
_z. - rust.
942 _2udc
999 _c6679
_d6679